[Event "UKR-ch sf"]
[Site "Alushta"]
[Date "2006.05.15"]
[Round "3"]
[White "Dobronovsky, Roman"]
[Black "Shulga, Jury"]
[Result "0-1"]
[WhiteElo "2135"]
[BlackElo "2293"]
[PlyCount "64"]
[EventDate "2006.05.13"]
[EventType "swiss"]
[EventRounds "9"]
[EventCountry "UKR"]
[SourceTitle "CBM 112 Extra"]
[Source "ChessBase"]
[SourceDate "2006.07.14"]
[SourceVersion "1"]
[SourceVersionDate "2006.07.14"]
[SourceQuality "1"]

1. e4 e6 2. d4 d5 3. Nc3 Nf6 4. e5 Nfd7 5. f4 c5 6. Nf3 Nc6 7. Be3 Qb6 8. Na4 Qa5+ 9. c3 cxd4 10. b4 Qc7 11. Nxd4 Nxd4 12. Bxd4 Nb8 13. a3 Nc6 14. Be3 b6 15. Bd3 Bd7 16. 0-0 g6 17. Rc1 Bh6 18. Rf3 0-0 19. g4 f6 20. b5 fxe5 21. bxc6 Bxc6 22. Rh3 exf4 23. Rxh6 fxe3 24. Bxg6 Qf4 25. Bxh7+ Kf7 26. Qf1 Qf2+ 27. Qxf2+ exf2+ 28. Kf1 Bxa4 29. Rh3 Rh8 30. c4 Rac8 31. g5 Kg7 32. g6 Rhf8 0-1

[Event "UKR-ch sf"]
[Site "Alushta"]
[Date "2005.05.18"]
[Round "3"]
[White "Stoockalov, Vladimir L"]
[Black "Dobronovsky, Roman"]
[Result "1-0"]
[WhiteElo "2347"]
[BlackElo "2096"]
[PlyCount "77"]
[EventDate "2005.05.16"]
[EventType "swiss"]
[EventRounds "9"]
[EventCountry "UKR"]
[SourceTitle "CBM 106 Extra"]
[Source "ChessBase"]
[SourceDate "2005.07.01"]
[SourceVersion "1"]
[SourceVersionDate "2005.07.01"]
[SourceQuality "1"]

1. e4 e5 2. Nf3 Nc6 3. d4 exd4 4. Nxd4 Bb4+ 5. c3 Bc5 6. Be3 Bb6 7. Bc4 Nge7 8. 0-0 0-0 9. Nc2 d6 10. Bxb6 axb6 11. Ne3 Kh8 12. Na3 f5 13. exf5 Nxf5 14. Nac2 Ne5 15. Be2 Ng6 16. Nxf5 Bxf5 17. Nd4 Bd7 18. Bg4 Nf4 19. g3 Nh3+ 20. Kg2 Ng5 21. f4 c5 22. Bxd7 Qxd7 23. fxg5 Rxf1 24. Kxf1 cxd4 25. Qxd4 Qb5+ 26. c4 Qxg5 27. b4 b5 28. cxb5 Qxb5+ 29. Kg1 d5 30. Rc1 Rf8 31. Qc5 Qe8 32. a4 h6 33. a5 Qf7 34. b5 Rd8 35. Qd4 Qe6 36. b6 Qe4 37. Qxe4 dxe4 38. Kf2 Rd5 39. a6 1-0

[Event "UKR-ch sf U20"]
[Site "Ternopol"]
[Date "2003.12.19"]
[Round "9"]
[White "Dobronovsky, Roman"]
[Black "Zavgorodniy, Sergiy"]
[Result "0-1"]
[WhiteElo "2185"]
[BlackElo "2409"]
[PlyCount "54"]
[EventDate "2003.12.11"]
[EventType "swiss"]
[EventRounds "9"]
[EventCountry "UKR"]
[SourceTitle "EXT 2008"]
[Source "ChessBase"]
[SourceDate "2007.11.25"]
[SourceVersion "1"]
[SourceVersionDate "2007.11.25"]
[SourceQuality "1"]

1. e4 c5 2. Nf3 Nc6 3. d4 cxd4 4. Nxd4 g6 5. c4 Bg7 6. Be3 Nf6 7. Nc3 0-0 8. Be2 d6 9. 0-0 Bd7 10. Rc1 Nxd4 11. Bxd4 Bc6 12. f3 a5 13. Qd2 Nd7 14. Be3 Nc5 15. Rfd1 Qb6 16. Kh1 Rfc8 17. Rc2 Qb4 18. Bf1 a4 19. Nd5 Qxd2 20. Rdxd2 Bxd5 21. cxd5 a3 22. b3 Nxb3 23. axb3 Rxc2 24. Rxc2 a2 25. Rxa2 Rxa2 26. Kg1 Rb2 27. Bc4 b5 0-1

[Event "UKR-ch sf U20"]
[Site "Ternopol"]
[Date "2003.12.14"]
[Round "3"]
[White "Dobronovsky, Roman"]
[Black "Tkach, Vladimir"]
[Result "1-0"]
[WhiteElo "2185"]
[BlackElo "2050"]
[PlyCount "67"]
[EventDate "2003.12.11"]
[EventType "swiss"]
[EventRounds "9"]
[EventCountry "UKR"]
[SourceTitle "EXT 2008"]
[Source "ChessBase"]
[SourceDate "2007.11.25"]
[SourceVersion "1"]
[SourceVersionDate "2007.11.25"]
[SourceQuality "1"]

1. e4 c5 2. Nf3 Nc6 3. d4 cxd4 4. Nxd4 Nf6 5. Nc3 e5 6. Ndb5 d6 7. Bg5 a6 8. Na3 b5 9. Nd5 Be7 10. Bxf6 Bxf6 11. c3 0-0 12. Nc2 Bg5 13. a4 bxa4 14. Rxa4 a5 15. Bb5 Ne7 16. Nxe7+ Qxe7 17. Bc4 Bd7 18. Ra2 Kh8 19. 0-0 g6 20. Bd5 Be6 21. Bxa8 Bxa2 22. Bd5 Bxd5 23. Qxd5 Rb8 24. Rb1 Qc7 25. Na3 Be7 26. Qxf7 Rf8 27. Qb3 Qc5 28. Rf1 Bg5 29. Qb5 Qa7 30. Nc4 Rb8 31. Qd5 Be7 32. Nxd6 Bxd6 33. Qxd6 Rxb2 34. Qf8# 1-0